000 00663nam a2200205 i 4500
001 bg
245 _aPrace Naukowe. Elektryka. /
_cPolitechnika Warszawska
_nZ.
_n05.
260 _aWarszawa :
_bOficyna Wydawnicza PW,
_c1998.
300 _a159 s. :
_brys., wykr. ;
_c24 cm.
490 1 _x0137-2319
505 _aZeszyt zawiera artykuły przygotowane przez współpracowników Instytutu Elektroenergetyki Wydziału Elektrycznego.
650 9 _aElektrotechnika
_xzagadnienia
710 0 _aPolitechnika Warszawska
830 _x0137-2319
040 _cBPK
041 0 _apl
_benru
080 _a621.3
942 _cKS
008 s pl f |000 0 pol
999 _c37928
_d37928
856 _uhttp://koha.tu.koszalin.pl/cgi-bin/koha/opac-detail.pl?biblionumber=37928
_yKatalog online BPK